000
00300nam a22001337a 4500
008
170622b xxu||||| |||| 00| 0 eng d
020
_a
9780073103495
041
_a
eng
080
_a
327
100
_a
21
101
_a
SHP
245
_a
THE AMERICAN DEMOCRACY
_c
PATTERSON.TH.E
942
_2
udc
_c
BK
999
_c
18691
_d
18691